[Event "GBR-ch Major 104th"]
[Site "Llandudno"]
[Date "2017.08.06"]
[Round "9"]
[White "Gosling, Brian GE"]
[Black "Costley, Martin Owen"]
[Result "0-1"]
[WhiteElo "1825"]
[BlackElo "2124"]
[PlyCount "66"]
[EventDate "2017.07.29"]
[EventType "swiss"]
[EventRounds "9"]
[EventCountry "WLS"]
[SourceTitle "CBM 179 Extra"]
[Source "ChessBase"]
[SourceDate "2017.08.23"]
[SourceVersion "1"]
[SourceVersionDate "2017.08.23"]
[SourceQuality "1"]

1. b4 e5 2. Bb2 Bxb4 3. Bxe5 Nf6 4. e3 d5 5. c4 0-0 6. cxd5 Nxd5 7. a3 Be7 8. Bb2 c5 9. Qc2 Nc6 10. Bd3 h6 11. Bc4 a6 12. Nf3 b5 13. Bxd5 Qxd5 14. Nc3 Qf5 15. Qxf5 Bxf5 16. Nd5 Bd6 17. Ke2 Rfd8 18. d3 a5 19. e4 Bh7 20. Ne3 Re8 21. g4 Rac8 22. Rhd1 Ne7 23. e5 Bb8 24. d4 cxd4 25. Rxd4 Nc6 26. Rd5 b4 27. axb4 axb4 28. Rad1 Be4 29. Rb5 Rcd8 30. Rxd8 Rxd8 31. Ne1 Ba7 32. f3 Bb1 33. f4 Bd4 0-1

[Event "GBR-ch Major 104th"]
[Site "Llandudno"]
[Date "2017.08.02"]
[Round "5"]
[White "Metcalfe, Charlie P"]
[Black "Costley, Martin Owen"]
[Result "1/2-1/2"]
[WhiteElo "1713"]
[BlackElo "2124"]
[PlyCount "49"]
[EventDate "2017.07.29"]
[EventType "swiss"]
[EventRounds "9"]
[EventCountry "WLS"]
[SourceTitle "CBM 179 Extra"]
[Source "ChessBase"]
[SourceDate "2017.08.23"]
[SourceVersion "1"]
[SourceVersionDate "2017.08.23"]
[SourceQuality "1"]

1. d4 d5 2. Nf3 Nf6 3. c4 c6 4. Nc3 dxc4 5. a4 Bf5 6. e3 e6 7. Bxc4 Bb4 8. 0-0 Nbd7 9. Bd3 Bxd3 10. Qxd3 0-0 11. Bd2 c5 12. Ne2 Bxd2 13. Qxd2 Qe7 14. Nc3 Rfd8 15. Qe2 Rac8 16. Rac1 cxd4 17. Nxd4 Ne5 18. Rfd1 a6 19. Nb3 Rxd1+ 20. Rxd1 Qb4 21. Nd4 h6 22. h3 Nc4 23. Rb1 Nb6 24. Qd1 Rd8 25. Qc2 1/2-1/2

[Event "GBR-ch Major 104th"]
[Site "Llandudno"]
[Date "2017.08.01"]
[Round "4"]
[White "Costley, Martin Owen"]
[Black "Blake, J Morgan"]
[Result "0-1"]
[WhiteElo "2124"]
[BlackElo "1833"]
[PlyCount "56"]
[EventDate "2017.07.29"]
[EventType "swiss"]
[EventRounds "9"]
[EventCountry "WLS"]
[SourceTitle "CBM 179 Extra"]
[Source "ChessBase"]
[SourceDate "2017.08.23"]
[SourceVersion "1"]
[SourceVersionDate "2017.08.23"]
[SourceQuality "1"]

1. d4 Nf6 2. c4 e6 3. Bg5 h6 4. Bh4 b6 5. Nd2 Bb7 6. f3 c5 7. e4 cxd4 8. e5 g5 9. Bf2 Nh5 10. h4 Bg7 11. Ne4 Bxe4 12. fxe4 Nf4 13. Bxd4 Nc6 14. Bc3 Ng6 15. Qd6 Bxe5 16. Bxe5 Ngxe5 17. 0-0-0 Qe7 18. Qc7 g4 19. Ne2 Qc5 20. Nc3 0-0 21. Be2 Nd4 22. Qxc5 bxc5 23. b3 h5 24. Kd2 a6 25. Ke3 Nec6 26. Kf4 Kg7 27. Kg5 f6+ 28. Kxh5 Ne5 0-1

[Event "Hastings Challengers"]
[Site "Hastings"]
[Date "2000.01.05"]
[Round "8"]
[White "Costley, Martin Owen"]
[Black "Rendle, Thomas E"]
[Result "1-0"]
[WhiteElo "2226"]
[BlackElo "2119"]
[PlyCount "49"]
[EventDate "1999.12.29"]
[EventType "swiss"]
[EventRounds "9"]
[EventCountry "ENG"]
[SourceTitle "CBM 074 Extra"]
[Source "ChessBase"]
[SourceDate "2000.03.10"]
[SourceVersion "2"]
[SourceVersionDate "2000.03.10"]
[SourceQuality "1"]

1. e4 e6 2. d4 d5 3. Nc3 Bb4 4. a3 Bxc3+ 5. bxc3 c5 6. exd5 exd5 7. dxc5 Ne7 8. Bd3 Qa5 9. Ne2 Nbc6 10. 0-0 0-0 11. Be3 Rd8 12. Bd4 Be6 13. Ng3 Qa4 14. Qh5 Ng6 15. Ne2 Rf8 16. f4 f5 17. Rf3 Rf7 18. Rh3 Nf8 19. Kh1 Rc8 20. Rh4 Rcc7 21. Rg1 g6 22. Qg5 Qxa3 23. g4 Ne7 24. Ng3 fxg4 25. Qe5 1-0

[Event "Hastings Challengers"]
[Site "Hastings"]
[Date "2000.01.03"]
[Round "6"]
[White "Costley, Martin Owen"]
[Black "Trent, Lawrence"]
[Result "0-1"]
[WhiteElo "2226"]
[BlackElo "2139"]
[PlyCount "66"]
[EventDate "1999.12.29"]
[EventType "swiss"]
[EventRounds "9"]
[EventCountry "ENG"]
[SourceTitle "CBM 074 Extra"]
[Source "ChessBase"]
[SourceDate "2000.03.10"]
[SourceVersion "2"]
[SourceVersionDate "2000.03.10"]
[SourceQuality "1"]

1. d4 Nf6 2. c4 c5 3. d5 b5 4. cxb5 a6 5. bxa6 g6 6. Nc3 Bxa6 7. g3 d6 8. Bg2 Bg7 9. Nh3 0-0 10. 0-0 Nbd7 11. Qc2 Qa5 12. Bd2 Rfb8 13. Rab1 Ne5 14. b3 Bc8 15. Nf4 Bf5 16. e4 Bg4 17. f3 Bc8 18. a4 Ba6 19. Rfd1 Qb6 20. Be1 c4+ 21. Qf2 Qxf2+ 22. Bxf2 cxb3 23. Bd4 Nfd7 24. Kf2 Rb4 25. Nb5 Bxb5 26. axb5 Ng4+ 27. fxg4 Bxd4+ 28. Rxd4 Rxd4 29. Rxb3 Ra2+ 30. Ke3 Rdd2 31. Bf1 Ne5 32. h3 g5 33. Nh5 Rf2 0-1